Catálogo

APRENDE A SER TU MISMO (Registro nro. 7434)

Detalles MARC
000 -LEADER
fixed length control field 00406nam a2200169 a 4500
001 - CONTROL NUMBER
control field 7434
005 - DATE AND TIME OF LATEST TRANSACTION
control field 20180713191328.0
008 - FIXED-LENGTH DATA ELEMENTS--GENERAL INFORMATION
fixed length control field 140415s1992 000 0 spa d
041 ## - LANGUAGE CODE
Language code of text/sound track or separate title spa
082 ## - DEWEY DECIMAL CLASSIFICATION NUMBER
Classification number 137
Item number MIC
100 1# - MAIN ENTRY--PERSONAL NAME
Personal name Michel, Guillermo,.
245 10 - TITLE STATEMENT
Title APRENDE A SER TU MISMO
250 ## - EDITION STATEMENT
Edition statement 3a ed.
260 ## - PUBLICATION, DISTRIBUTION, ETC.
Place of publication, distribution, etc. [s.l.] :
Name of publisher, distributor, etc. TRILLAS,
Date of publication, distribution, etc. 1992
300 ## - PHYSICAL DESCRIPTION
Extent 126
650 14 - SUBJECT ADDED ENTRY--TOPICAL TERM
Topical term or geographic name entry element AUTOCONTROL
Existencias
Withdrawn status Lost status Source of classification or shelving scheme Damaged status Not for loan Collection code Home library Current library Shelving location Date acquired Source of acquisition Inventory number Total Checkouts Full call number Barcode Date last seen Date last checked out Price effective from Koha item type
    Dewey Decimal Classification     General Biblioteca Karol Wojtyla Biblioteca Karol Wojtyla Sala general 03/12/2013 Compra 151000000000000000060892   137 MIC 20395 05/01/2026 05/06/2018 03/12/2013 Libro